Entrepreneurship: unemployment solution (Record no. 29671)

MARC details
000 -LEADER
fixed length control field 00481nam a2200181Ia 4500
020 ## - INTERNATIONAL STANDARD BOOK NUMBER
ISBN 9781005450236
050 ## - CALL MARK
Classification number HD 62.5 .F33/
100 ## - STATEMENT OF RESPONSIBILITY--MAIN AUTHOR NAME
Personal name Fadeyi, Lawrence Akinkunle
245 #0 - TITLE STATEMENT
Title Entrepreneurship: unemployment solution
260 ## - PUBLICATION, DISTRIBUTION, ETC. (IMPRINT)
Place of publication New York
260 ## - PUBLICATION, DISTRIBUTION, ETC. (IMPRINT)
Name of publisher Candova Limited.
260 ## - PUBLICATION, DISTRIBUTION, ETC. (IMPRINT)
Year of publication 2022
300 ## - PHYSICAL DESCRIPTION
Number of Pages 255 p
650 ## - SUBJECT ADDED ENTRY--TOPICAL TERM
Topical Term Labor market. Entrepreneurship. Manpower policy.
942 ## - ADDED ENTRY ELEMENTS (KOHA)
Koha item type Books
Holdings
Withdrawn status Lost status Source of classification or shelving scheme Damaged status Not for loan Permanent Location Current Location Date acquired Accession Number Price effective from Koha item type
    Library of Congress Classification     NILE UNIVERSITY OF NIGERIA - MAIN LIBRARY NILE UNIVERSITY OF NIGERIA - MAIN LIBRARY 04/23/2025 0195959 04/23/2025 Books